In search of infinity /

Guardado en:
Autor Principal: Vilenkin, N. IA.
Formato: Libro
Idioma:English
Russian
Publicado: Boston : Birkhäuser, c1995.
Etiquetas: Agregar Etiqueta
Sin Etiquetas, Sea el primero en etiquetar este registro!
LEADER 00946nam a22002175a 4500
001 MAT.inmabb000135
008 950630s1995####maua#####b####000#0#eng##
005 20130215171300.0
245 1 0 |a In search of infinity /  |c N. Ya. Vilenkin ; translated by Abe Shenitzer, with the editorial assistance of Hardy Grant and Stefan Mykytiuk. 
260 |a Boston :  |b Birkhäuser,  |c c1995. 
300 |a 145 p. ;  |c 25 cm. 
504 |a Includes bibliographical references (p. 137-145). 
505 0 |a 1. Infinity and the Universe -- 2. The mysteries of infinite sets -- 3. Remarkable functions and curves, or a stroll through a mathematical hall of wonders -- 4. In search of the absolute. 
510 4 |a MR,  |c 96k:01002 
020 |a 0817638199 
020 |a 3764338199 
100 1 |a Vilenkin, N. IA.  |q (Naum IAkovlevich) 
240 1 0 |a V poiskakh beskonechnosti.  |l Inglés 
084 |a 01A05 (00A30)  |2 msc2000 
041 1 |a eng  |h rus 
859 |h 01  |i V699  |p A-7838  |b BIB. MATEMATICA